书目信息 |
| 题名: |
科技俄语翻译技巧与练习
|
|
| 作者: | 徐长瑞 编著 | |
| 分册: | ||
| 出版信息: | 上海 上海科学技术出版社 1989.10 |
|
| 页数: | 239页 | |
| 开本: | 19cm | |
| 丛书名: | ||
| 单 册: | ||
| 中图分类: | H355.9 | |
| 科图分类: | ||
| 主题词: | 俄语-科学技术-翻译理论 , 翻译理论-俄语-科学技术 , 科学技术-俄语-翻译理论 | |
| 电子资源: | ||
| ISBN: | 7-5323-1008-6 | |
| 000 | 00781nam0 2200241 45 | |
| 001 | 0190007678 | |
| 005 | 20060809090642.35 | |
| 010 | @a7-5323-1008-6@dCNY3.60 | |
| 100 | @a19921201d1989 em y0chiy0121 ea | |
| 101 | 0 | @achi |
| 102 | @aCN@b310000 | |
| 105 | @ay z 000yy | |
| 200 | 10 | @a科技俄语翻译技巧与练习@AKE JI E YU FAN YI JI QIAO YU LIAN XI@f徐长瑞编著@FXU CHANG RUI BIAN ZHU |
| 210 | @a上海@c上海科学技术出版社@d1989.10 | |
| 215 | @a239页@d19cm | |
| 540 | 1 | @a科技 俄语 翻译 技巧 练习@AKE JI E YU FAN YI JI QIAO LIAN XI |
| 606 | @a俄语-科学技术-翻译理论 | |
| 606 | @a翻译理论-俄语-科学技术 | |
| 606 | @a科学技术-俄语-翻译理论 | |
| 690 | @aH355.9@v三版 | |
| 701 | 0 | @a徐长瑞@AXU CHANG RUI@4编著 |
| 801 | 0 | @aCN@bTSSF@c20060809 |
| 905 | @a10447@dH355.9@e238 | |
| 科技俄语翻译技巧与练习/徐长瑞编著.-上海:上海科学技术出版社,1989.10 |
| 239页;19cm |
| ISBN 7-5323-1008-6:CNY3.60 |
| ● |
| 相关链接 |
|
|
|
|
正题名:科技俄语翻译技巧与练习
索取号:H355.9/238
 
预约/预借
| 序号 | 登录号 | 条形码 | 馆藏地/架位号 | 状态 | 备注 |
| 1 | 0453204 | 204532041 | 密集书库/ [索取号:H355.9/238] | 在馆 |